000 00514nam a22001937a 4500
003 MPLRDC
005 20220104160401.0
008 210129b ||||| |||| 00| 0 eng d
020 _a983-99283-1-7
082 _a868.71 AW-29
100 _a爱薇
245 _a活得精彩活出智慧
_c
250 _a初版
260 _a马来西亚
_b方正出版社
_c1999
300 _b195
490 _a大马福联会暨雪福建会馆资助学术文艺丛书
650 _a马华文学
942 _cBK
_o868.71 AW-29
999 _c54953
_d54943